| 000 | 00961nam a22003137a 4500 | ||
|---|---|---|---|
| 003 | CHAP | ||
| 005 | 20220329143444.0 | ||
| 008 | 091019s1872 US a r 00010 eng d | ||
| 010 | _a96906 | ||
| 011 | _a97878 | ||
| 035 | _a108550 | ||
| 040 | _cCHAP | ||
| 082 | 0 | 4 |
_a634 _bB27 |
| 100 | 1 |
_aBarry P. _910600 |
|
| 245 | 1 | 0 |
_aBarry's fruit garden _c/por P. Barry |
| 260 |
_aNew York : _bOrange Judd And Company, _c1872 |
||
| 300 |
_a491 p. : _bilus. |
||
| 590 |
_aBATCH-UPD _b10 _c20130110 _lUCH01 _h1100 |
||
| 590 |
_aBATCH-UPD _b10 _c20130410 _lUCH01 _h0653 |
||
| 590 |
_aBATCH-UPD _b10 _c20130914 _lUCH01 _h0546 |
||
| 590 |
_aCONVERSION _b10 _c20130109 _lUCH01 _h1354 |
||
| 650 | 1 | 4 |
_aArboles frutales _xPlagas. _96683 |
| 650 | 1 | 4 |
_aArboles frutales _xPropagacion. _96686 |
| 650 | 1 | 4 |
_aPlantación de árboles frutales. _988783 |
| 901 | _aBK | ||
| 911 | _aen proceso | ||
| 942 | _cLIBRO | ||
| 949 |
_a634 B27 _bBC _cBPA _d33724002115561 _eBPA _gI.c/e _h111151 _i108550 _sb |
||
| 999 |
_c96906 _d96906 |
||